Proceeding of the international round table on the relations between Japanese and western arts
Proceeding of the international round table on the relations between Japanese and western arts. Addresses at the opening ceremony, speeches in commemoration of the Meiji centenary.
Na minha lista:
| Autor Corporativo: | |
|---|---|
| Formato: | Livro |
| Idioma: | Undetermined |
| Publicado em: |
Tokyo
UNESCO
1968
|
| Assuntos: | |
| Tags: |
Adicionar Tag
Sem tags, seja o primeiro a adicionar uma tag!
|
| Thư viện lưu trữ: | Trung tâm Học liệu Trường Đại học Cần Thơ |
|---|
| LEADER | 00750nam a2200193Ia 4500 | ||
|---|---|---|---|
| 001 | CTU_108193 | ||
| 008 | 210402s9999 xx 000 0 und d | ||
| 082 | |a 709.5 | ||
| 082 | |b U56 | ||
| 110 | |a UNESCO | ||
| 245 | 0 | |a Proceeding of the international round table on the relations between Japanese and western arts | |
| 245 | 0 | |c UNESO | |
| 260 | |a Tokyo | ||
| 260 | |b UNESCO | ||
| 260 | |c 1968 | ||
| 520 | |a Proceeding of the international round table on the relations between Japanese and western arts. Addresses at the opening ceremony, speeches in commemoration of the Meiji centenary. | ||
| 650 | |a Art, Japanese,Relations between Japanese and western arts | ||
| 904 | |i Hạ Nguyên | ||
| 980 | |a Trung tâm Học liệu Trường Đại học Cần Thơ | ||